| 000 | 00824nam a2200241 a 4500 | ||
|---|---|---|---|
| 001 | 52542 | ||
| 003 | BD-RjUL | ||
| 005 | 20211209075826.0 | ||
| 008 | 160921r19511948enk b 001 0 eng | ||
| 035 | _a(BD-RjUL)52662 | ||
| 040 |
_aDLC/ICU _cICU _beng _dBD-RjUL |
||
| 041 | _aeng | ||
| 082 | 0 | 0 |
_a530.11 _223 _bMIK 1951 |
| 100 | 1 |
_aMilne, E. A. _d1896-1950. _9157108 |
|
| 245 | 1 | 0 |
_aKinematic relativity : _ba sequel to Relativity, gravitation and world structure / |
| 260 |
_aOxford, _bClarendon Press, _c1948 [reprinted 1951] |
||
| 300 |
_avi, 238 p. _c24 cm. |
||
| 490 | 1 | _aThe International series of monographs on physics | |
| 504 | _aIncludes Bibliography and index | ||
| 650 | 0 |
_aRelativity (Physics) _9157109 |
|
| 830 | 0 |
_aInternational series of monographs on physics (Oxford, England) _9153862 |
|
| 942 |
_2ddc _cBK |
||
| 999 |
_c52542 _d52542 |
||